Municípios da Região Metropolitana de Patos (PB) no mapa - Statistics

Estatísticas Gerais
  • Esse quiz foi jogado 16 vezes
  • A pontuação média é 9 de 24
Respostas no mapa
Respostas codificadas por cores de uma escala verde-vermelha no mapa do quiz de acordo com a % correta abaixo.
 
Estatísticas das Respostas
Município % Correto
Patos
100%
Condado
50%
Santa Luzia
50%
São José de Espinharas
50%
Malta
43%
Santa Terezinha
43%
São Mamede
43%
Várzea
43%
Cacimba de Areia
36%
Catingueira
36%
Emas
36%
Mãe d'Água
36%
Matureia
36%
Quixaba
36%
São José do Bonfim
36%
Teixeira
36%
Vista Serrana
36%
Cacimbas
29%
Desterro
29%
Junco do Seridó
29%
Passagem
29%
Salgadinho
29%
São José do Sabugi
29%
Areia de Abraúnas
14%
Nenhum quiz correspondente encontrado
Distribuição das Pontuações
Porcentagem de Pessoas com Cada Pontuação
Percentil de Números Respondidos
Sua Pontuação Histórica
Você não jogou esse quiz